<?xml version="1.0" encoding="UTF-8"?><?xml-stylesheet type="text/xsl" href="static/style.xsl"?><OAI-PMH xmlns="http://www.openarchives.org/OAI/2.0/" xmlns:xsi="http://www.w3.org/2001/XMLSchema-instance" xsi:schemaLocation="http://www.openarchives.org/OAI/2.0/ http://www.openarchives.org/OAI/2.0/OAI-PMH.xsd"><responseDate>2026-06-02T21:42:30Z</responseDate><request verb="GetRecord" identifier="oai:riuma.uma.es:10630/14006" metadataPrefix="marc">https://riuma.uma.es/rest/oai/request</request><GetRecord><record><header><identifier>oai:riuma.uma.es:10630/14006</identifier><datestamp>2026-02-03T11:59:21Z</datestamp><setSpec>com_10630_2254</setSpec><setSpec>col_10630_37959</setSpec></header><metadata><record xmlns="http://www.loc.gov/MARC21/slim" xmlns:dcterms="http://purl.org/dc/terms/" xmlns:doc="http://www.lyncode.com/xoai" xmlns:xsi="http://www.w3.org/2001/XMLSchema-instance" xsi:schemaLocation="http://www.loc.gov/MARC21/slim http://www.loc.gov/standards/marcxml/schema/MARC21slim.xsd">
   <leader>00925njm 22002777a 4500</leader>
   <datafield ind2=" " ind1=" " tag="042">
      <subfield code="a">dc</subfield>
   </datafield>
   <datafield ind2=" " ind1=" " tag="720">
      <subfield code="a">Navas-Borrero, José Luis</subfield>
      <subfield code="e">author</subfield>
   </datafield>
   <datafield ind2=" " ind1=" " tag="720">
      <subfield code="a">Heredia-Larrubia, Juan Ramón</subfield>
      <subfield code="e">author</subfield>
   </datafield>
   <datafield ind2=" " ind1=" " tag="260">
      <subfield code="c">2017-06-26</subfield>
   </datafield>
   <datafield ind2=" " ind1=" " tag="520">
      <subfield code="a">Estudio y análisis de la implementación de los Grados en Ingenierías relacionadas con la electrónica en la Universidad de Málaga.&#xd;
Dentro de las áreas temáticas de este Foro, "Evaluación de la Calidad Docente" y, más concretamente, "Adaptación al EEES" y de sus objetivos de "conocer la nueva organización de las enseñanzas  universitarias" y "puesta al día de la situación actual del proceso de Convergencia Europea en España", transcurridos varios años desde la implementación de la nueva estructura de grados/másteres, así como extinción de las  licenciaturas/diplomaturas y/o ingenierías / ingenierías técnicas, los autores de este trabajo han querido evaluar el estado actual de esta transición entre modelos universitarios con objeto de realimentar y/o establecer puntos de debate que resulten en la mejora de la calidad de la enseñanza. Este estudio se ha particularizado al ámbito de las ingenierías relacionadas con la electrónica en la Universidad de Málaga donde ambos profesores pertenecen al área de Tecnología Electrónica que imparte docencia en estas titulaciones. Esta estructura educativa basada en grados/másteres, inicialmente debía estar orientada a la formación de unas bases sólidas en el área temática en general en los grados, para dar paso a una especialización (profesional ó de investigación) en el marco de los másteres. Sin embargo, en el proceso de implantación de estas titulaciones, se observa una explosión de grados con altos contenidos de especialidad.&#xd;
Este estudio no tiene estrictamente la consideración de un trabajo de investigación sino de evaluación y análisis de la implementación de estas titulaciones por lo que la metodología se fundamenta en el manejo de datos (principalmente competencias de los títulos e indicadores de seguimiento obtenidos del SGC).</subfield>
   </datafield>
   <datafield ind1="8" ind2=" " tag="024">
      <subfield code="a">http://hdl.handle.net/10630/14006</subfield>
   </datafield>
   <datafield ind1="8" ind2=" " tag="024">
      <subfield code="a">http://orcid.org/0000-0001-5855-3466</subfield>
   </datafield>
   <datafield tag="653" ind2=" " ind1=" ">
      <subfield code="a">Electrónica -- Estudio y enseñanza</subfield>
   </datafield>
   <datafield ind2="0" ind1="0" tag="245">
      <subfield code="a">Estudio y análisis de la implementación de los Grados en Ingenierías  relacionadas con la electrónica en la Universidad de Málaga.</subfield>
   </datafield>
</record>
</metadata></record></GetRecord></OAI-PMH>